Faint - Linkin Park - All Lyrics - Statistics

General Stats
  • This quiz has been taken 918 times
  • The average score is 255 of 352
Answer Stats
Lyrics % Correct
I
99%
a
95%
can
91%
you
91%
be
90%
do
88%
the
88%
am
87%
can't
87%
little
84%
me
83%
your
83%
bit
82%
back
81%
won't
81%
feel
79%
of
79%
turn
79%
don't
78%
to
78%
ignored
77%
no
77%
on
77%
way
74%
what
73%
before
72%
did
71%
go
70%
this
70%
disregard
69%
heal
69%
like
68%
loneliness
68%
want
67%
that
66%
hear
65%
it
65%
but
64%
time
64%
scars
62%
see
62%
so
61%
not
60%
these
60%
matter
58%
convince
56%
just
55%
everyone
54%
handful
54%
is
54%
fact
53%
always
52%
help
52%
you're
52%
complaints
51%
I'm
51%
insecure
51%
let
51%
out
51%
real
51%
watching
51%
anymore
50%
damage
49%
it's
49%
all
48%
believe
48%
and
47%
face
46%
pretend
46%
away
45%
got
45%
unconfident
45%
'cause
44%
for
44%
I'll
44%
here
41%
now
41%
listen
37%
make
34%
right
33%
understand
33%
gonna
32%
sense
32%
or
31%
sometimes
30%
never
28%
had
27%
doubt
26%
I've
25%
once
24%
say
23%
No matching quizzes found
Score Distribution
Percent of People with Each Score
Percentile by Number Answered
Your Score History
You have not taken this quiz